000 00502nam a2200169 i 4500
001 78704
003 ES-MaACL
005 20230906173805.0
007 t|
008 041015s1966 xxu ||||1| eng d
100 1 _aHawthorne, Nathaniel.
_962176
245 1 0 _aHawthorne
_b: a collection of critical essays /
_cedited by A.N. Kaul.
260 _aEnglewood Cliffs :
_bPrentice-Hall,
_c[1966]
300 _aVII, 182 p. ;
_c21 cm.
700 1 _aKaul, A. N.
_967658
852 _aES-MaACL
_jC-34718
_bR.66062
999 _c78704
_d78704